| 000 | 00718 a2200229 4500 | ||
|---|---|---|---|
| 005 | 20251016170644.0 | ||
| 008 | 251016b |||||||| |||| 00| 0 eng d | ||
| 020 | _a9781529602630 (pbk) | ||
| 037 | _cTB | ||
| 040 |
_aCRL _cCRL |
||
| 041 |
_2eng _aeng |
||
| 084 |
_aW:1 R4 _qCRL |
||
| 100 |
_aBoin, Arjen _9821947 |
||
| 245 |
_aPolitics of policymaking: _bAn introduction |
||
| 260 |
_aLondon, UK: _bSage, _c2024. |
||
| 300 | _axvii, 225p. | ||
| 365 |
_b39.99 _cUKP |
||
| 650 |
_aPolitical Science _9848646 |
||
| 650 |
_aPolicy _9848647 |
||
| 942 |
_cTB _2CC _n0 _hW:1 R4 |
||
| 999 |
_c1435784 _d1435784 |
||